Tous les Films du MCU (Marvel) - Statistiques

Statistiques générales
  • Ce quiz a été pris 421 fois
    341 depuis la dernière actualisation
  • Le résultat moyen est 32 sur 39
Statistiques - réponses
Année Film % Correct
2012 Avengers
98%
2008 Iron Man
98%
2010 Iron Man 2
97%
2011 Captain America : First Avenger
96%
2013 Iron Man 3
96%
2017 Spider-Man : Homecoming
96%
2011 Thor
95%
2019 Avengers : Endgame
94%
2016 Captain America : Civil War
94%
2008 L'Incroyable Hulk
94%
2018 Avengers : Infinity War
92%
2017 Thor : Ragnarok
92%
2021 Spider-Man : No Way Home
91%
2014 Captain America : Le Soldat de l'hiver
90%
2019 Spider-Man : Far From Home
90%
2015 Ant-Man
88%
2013 Thor : Le Monde des ténèbres
88%
2016 Doctor Strange
86%
2015 Avengers : L'Ère d'Ultron
85%
2018 Ant-Man et la Guêpe
84%
2022 Thor : Love and Thunder
84%
2018 Black Panther
83%
2014 Les Gardiens de la Galaxie
83%
2021 Black Widow
82%
2019 Captain Marvel
82%
2022 Doctor Strange in the Multiverse of Madness
80%
2022 Black Panther : Wakanda Forever
77%
2017 Les Gardiens de la Galaxie Vol. 2
77%
2026 Avengers : Doomsday
74%
2023 Les Gardiens de la Galaxie Vol. 3
74%
2023 Ant-Man et la Guêpe : Quantumania
71%
2025 Captain America : Brave New World
71%
2026 Spider-Man : Brand New Day
68%
2025 Thunderbolts*
66%
2021 Les Éternels
65%
2025 Les Quatre Fantastiques : Premiers pas
65%
2023 The Marvels
58%
2021 Shang-Chi et la Légende des Dix Anneaux
56%
2024 Deadpool et Wolverine
37%
Aucun quiz correspondant
Distribution des résultats
% des personnes avec chaque résultat
Percentile par nombre de réponses
Votre historique - résultats
Vous n’avez pas pris ce quiz depuis la dernière actualisation